[Event "Internet Section 06A g/8'+2\""]
[Site "Dos Hermanas"]
[Date "2004.03.06"]
[Round "5"]
[White "Tailleux, Remi"]
[Black "Novikov, Sergey"]
[Result "1-0"]
[WhiteElo "1931"]
[BlackElo "1751"]
[PlyCount "75"]
[EventDate "2004.03.06"]
[EventType "swiss (blitz)"]
[EventRounds "9"]
[EventCountry "ESP"]
[SourceTitle "CBM 099 Extra"]
[Source "ChessBase"]
[SourceDate "2004.05.04"]
[SourceVersion "1"]
[SourceVersionDate "2004.05.04"]
[SourceQuality "1"]

1. d4 e6 2. e4 f5 3. Nc3 Nf6 4. Bg5 Bb4 5. e5 h6 6. Bh4 g5 7. exf6 gxh4 8. Qh5+ Kf8 9. Qg6 Rg8 10. Qxh6+ Kf7 11. Qh7+ Kxf6 12. Qxh4+ Kf7 13. Qxd8 Rxd8 14. Nf3 Nc6 15. 0-0-0 Bxc3 16. bxc3 Kf6 17. h4 d6 18. Bd3 e5 19. Bb5 Bd7 20. dxe5+ Nxe5 21. Be2 Ng4 22. Rdf1 Re8 23. Kd2 Ba4 24. Nd4 Ne5 25. f4 Nd7 26. Bd3 Re7 27. Nxf5 Ree8 28. g4 Nc5 29. g5+ Kf7 30. Nh6+ Kf8 31. f5 Bc6 32. Rhg1 Re5 33. g6 Kg7 34. Ng4 Nxd3 35. cxd3 Rae8 36. Nxe5 Rxe5 37. f6+ Kf8 38. g7+ 1-0

[Event "Internet Section 06A g/8'+2\""]
[Site "Dos Hermanas"]
[Date "2004.03.06"]
[Round "2"]
[White "Tailleux, Remi"]
[Black "Polaczek, Richard"]
[Result "0-1"]
[WhiteElo "1876"]
[BlackElo "2426"]
[PlyCount "50"]
[EventDate "2004.03.06"]
[EventType "swiss (blitz)"]
[EventRounds "9"]
[EventCountry "ESP"]
[SourceTitle "CBM 099 Extra"]
[Source "ChessBase"]
[SourceDate "2004.05.04"]
[SourceVersion "1"]
[SourceVersionDate "2004.05.04"]
[SourceQuality "1"]

1. d4 d5 2. c4 c6 3. Nc3 Nf6 4. Nf3 dxc4 5. a4 Bf5 6. Ne5 Nbd7 7. Nxc4 Nb6 8. e3 Nxc4 9. Bxc4 e6 10. 0-0 Bb4 11. f3 h6 12. e4 Bh7 13. Be3 0-0 14. Qb3 Qe7 15. a5 c5 16. Rfd1 cxd4 17. Bxd4 Bc5 18. Na4 Bxd4+ 19. Rxd4 Qc7 20. Qb5 Rac8 21. b3 Qf4 22. Rad1 Qe3+ 23. Kf1 Bxe4 24. fxe4 Ng4 25. R4d2 Nxh2# 0-1

[Event "FRA-chT"]
[Site "France"]
[Date "1990.??.??"]
[Round "?"]
[White "Michalet, Guy"]
[Black "Tailleux, Remi"]
[Result "1-0"]
[WhiteElo "2210"]
[BlackElo "1920"]
[PlyCount "49"]
[EventDate "1990.??.??"]
[EventType "team"]
[EventRounds "11"]
[EventCountry "FRA"]
[SourceTitle "EXT 2007"]
[Source "ChessBase"]
[SourceDate "2006.11.23"]
[SourceVersion "1"]
[SourceVersionDate "2006.11.23"]
[SourceQuality "1"]

1. d4 d5 2. c4 e6 3. Nf3 c6 4. e3 f5 5. Be2 Nf6 6. 0-0 Bd6 7. b3 Qe7 8. Bb2 0-0 9. Ne5 b6 10. Nd2 Bb7 11. Rc1 c5 12. cxd5 exd5 13. Ndf3 Na6 14. Bd3 Ne4 15. Re1 Nb4 16. Bb1 cxd4 17. exd4 Rac8 18. a3 Rxc1 19. Qxc1 Rc8 20. Qd1 Nc6 21. b4 a5 22. Qb3 axb4 23. Qxd5+ Kf8 24. Nxc6 Bxc6 25. Qxf5+ 1-0